| 000 | 00626nam a2200241Ia 4500 | ||
|---|---|---|---|
| 003 | GCL | ||
| 008 | 140319s9999 xx 000 0 ara d | ||
| 040 |
_aGCL / _cGCL |
||
| 082 | 0 | 4 |
_a301.1 _bس ت |
| 100 | 1 | _aسيد صبحى | |
| 245 | 1 | 0 |
_aتصرفات سلوكية / _cسيد صبحى |
| 300 | _a226 ص | ||
| 490 | _a | ||
| 650 | 0 | 4 | _aعلم النفس |
| 650 | 0 | 4 | _aالبيئة والانسان |
| 650 | 0 | 4 | _aعلم النفس الاجتماعى |
| 650 | 0 | 4 | _aالدعاية |
| 650 | 0 | 4 | _aالراى العام |
| 650 | 0 | 4 | _aالقيادة |
| 650 | 0 | 4 | _aالضحك |
| 650 | 0 | 4 | _aالوهم |
| 942 |
_2ddc _cBK |
||
| 999 |
_c39026 _d39026 |
||